| 000 | 01175nam a2200265Ia 4500 | ||
|---|---|---|---|
| 999 |
_c53006 _d53006 |
||
| 001 | 20037 | ||
| 003 | GE_BSU | ||
| 005 | 20250319172853.0 | ||
| 008 | 181216s2009||||ge |||||||||||||| ||geo|| | ||
| 020 | _a978-9941-12-621-5 | ||
| 040 | _cGE_BSU | ||
| 041 | _ageo | ||
| 080 | _a39+37.04(479.223) მ-25 | ||
| 100 |
_aმამულაძე, ნანა _910466 |
||
| 245 |
_aაღზრდის ხალხური ტრადიციები აჭარაში : _b [მონოგრაფია] / _cნანა მამულაძე ; [რედ. ნათელა კაპანაძე, იური ბიბილეიშვილი]. |
||
| 264 |
_aთბილისი : _bუნივერსალი, _c2009. |
||
| 300 |
_a170 ვ. ; _c20 სმ. |
||
| 504 | _aბიბლიოგრ. : გვ. 156-169 | ||
| 520 | _aრეზ. ინგლ. | ||
| 541 | _h8 ლ. | ||
| 653 | _aაღზრდის ტრადიციები აჭარაში | ||
| 653 | _aაღზრდის ხალხური ტრადიციები აჭარაში | ||
| 653 | _aპედაგოგიკა | ||
| 942 |
_cBK _2udc |
||